The mind and the machine : philosophical aspects of artificial intelligence
Αποθηκεύτηκε σε:
| Άλλοι συγγραφείς: | |
|---|---|
| Μορφή: | Βιβλίο |
| Γλώσσα: | English |
| Δημοσίευση: |
Chichester :
Ellis Horwood,
1984
|
| Σειρά: | Ellis Horwood series in artificial intelligence
|
| Θέματα: | |
| Ετικέτες: |
Προσθήκη ετικέτας
Δεν υπάρχουν, Καταχωρήστε ετικέτα πρώτοι!
|
MARC
| LEADER | 00000nam a2200000 i 4500 | ||
|---|---|---|---|
| 001 | 1/82444 | ||
| 008 | 960619s1984 eng d | ||
| 020 | |a 0-85312-712-3 | ||
| 020 | |a 0-470-20104-5 | ||
| 035 | |a 1987 |c Δωρεά |l 10033949 | ||
| 040 | |a GR-MY-UA |b gre |e aacr | ||
| 041 | 0 | |a eng | |
| 082 | 0 | |a 005.3 | |
| 245 | 1 | 4 | |a The mind and the machine : |b philosophical aspects of artificial intelligence / |c editor S. B. Torrance |
| 260 | |a Chichester : |b Ellis Horwood, |c 1984 | ||
| 300 | |a 213 p. | ||
| 490 | 1 | |a Ellis Horwood series in artificial intelligence | |
| 650 | 0 | 0 | |a Artificial intelligence |x Philosophy. |
| 700 | 1 | |a Torrance, S. B. |q (Stephen B.) |d 1947- |4 edt | |
| 830 | 0 | |a Ellis Horwood series in artificial intelligence | |
| 852 | |a INST |b RHODES |e 19960619 |h 005.3 MIN |p 005400004950 |q 005400004950 |t BK |y 0 | ||
| 909 | |a Ρ |b 004433 |c 1987 | ||